000 00932nam a2200205Ii 4500
003 JO-AjNU
008 230605s9999||||xx |||||||||||||| ||und||
040 _aJO-AjNU
_bara
_erda
_cJO-AjNU
041 _aara
050 1 4 _aJK2249.H5412.2005
100 3 _aتأليف تاوير ، هأي - ترجمة وتعليق الواكد ، محمد,
_eauthor
_910710
245 0 0 _aThieves in High Places : Stolen Our Contry and to Take it Back = لصوص في مناصب مرموقة لقد سرقوا بلدنا وعلينا أن نستعيدة
250 _aط1
264 3 1 _aسورية : الأوائل ، 2005
300 _a335ص
336 _atext
_btxt
_2rdacontent
337 _aunmediated
_bn
_2rdamedia
338 _avolume
_bnc
_2rdacarrier
650 4 _aالفساد السياسي -- الولايات المتحدة الأمريكية --أوضاع سياسية -- أوضاع اقتصادية -- أوضاع اجتماعية
_910711
999 _aA1946
_c5514
_d5514